Tế bào học

Sách giới thiệu đầy đủ, chi tiết các hiểu biết cơ bản và hiện đại về tế bào học, đặc biệt là các vấn đề nóng hổi về màng sinh chất,...

Đã lưu trong:
書目詳細資料
主要作者: Thái, Duy Ninh
格式: 圖書
語言:Undetermined
出版: Hà Nội Giáo Dục 1996
主題:
標簽: 添加標簽
沒有標簽, 成為第一個標記此記錄!
Thư viện lưu trữ: Trung tâm Học liệu Trường Đại học Cần Thơ
LEADER 00733nam a2200205Ia 4500
001 CTU_39591
008 210402s9999 xx 000 0 und d
020 |c 20000 
082 |a 571.6 
082 |b N312 
100 |a Thái, Duy Ninh 
245 0 |a Tế bào học 
245 0 |c Thái Duy Ninh 
260 |a Hà Nội 
260 |b Giáo Dục 
260 |c 1996 
520 |a Sách giới thiệu đầy đủ, chi tiết các hiểu biết cơ bản và hiện đại về tế bào học, đặc biệt là các vấn đề nóng hổi về màng sinh chất,... 
650 |a Cell biology,Cytology 
904 |i Minh 
980 |a Trung tâm Học liệu Trường Đại học Cần Thơ